000 00673cam a22002413a 4500
001 20516
003 PGUSA
005 20140828083432.0
008 070204s2007||||xxu|||||s|||||000 | eng d
040 _aPGUSA
_beng
042 _adc
050 4 _aPS
100 1 _aGale, Zona,
_d1874-1938
245 1 0 _aChristmas :
_bA Story
_h[electronic resource] /
_cZona Gale
260 _bProject Gutenberg,
_c2007
506 _aPublic domain in the USA.
516 _aElectronic text
653 _aChristmas stories
700 1 _aSolon, Leon V.
_q(Leon Victor),
_d1872-1957
830 0 _aProject Gutenberg
_v20516
856 4 0 _uhttp://www.gutenberg.org/ebooks/20516
942 _cEB
999 _c249771
_d249771